Raimundo Panikkar: a pilgrim across worlds (Record no. 393)

MARC details
000 -LEADER
fixed length control field 00421nam a2200169Ia 4500
003 - CONTROL NUMBER IDENTIFIER
control field OSt
005 - DATE AND TIME OF LATEST TRANSACTION
control field 20230831164000.0
008 - FIXED-LENGTH DATA ELEMENTS--GENERAL INFORMATION
fixed length control field 230125s9999 xx 000 0 und d
020 ## - INTERNATIONAL STANDARD BOOK NUMBER
International Standard Book Number 9789385285394
082 ## - DEWEY DECIMAL CLASSIFICATION NUMBER
Classification number 282.092
Item number VAS
100 ## - MAIN ENTRY--PERSONAL NAME
Personal name VATSYAYAN, Kapila, ed.
245 #0 - TITLE STATEMENT
Title Raimundo Panikkar: a pilgrim across worlds
260 ## - PUBLICATION, DISTRIBUTION, ETC.
Name of publisher, distributor, etc. Niyogi Books
Date of publication, distribution, etc. 2016
Place of publication, distribution, etc. New Delhi
300 ## - PHYSICAL DESCRIPTION
Extent 495
650 ## - SUBJECT ADDED ENTRY--TOPICAL TERM
Topical term or geographic name entry element Religion
942 ## - ADDED ENTRY ELEMENTS (KOHA)
Koha item type Book
Source of classification or shelving scheme Dewey Decimal Classification
Holdings
Withdrawn status Lost status Source of classification or shelving scheme Damaged status Not for loan Collection code Home library Current library Shelving location Date acquired Cost, normal purchase price Full call number Barcode Date last seen Price effective from Koha item type Public note
    Dewey Decimal Classification     Non-fiction RIC Library RIC Library General Stacks 01/25/2023 271.00 282.092 VATR 000381 01/25/2023 01/25/2023 Book R-4.2

Venue

Rajasthan International Centre
Sansthan Path,JLN Marg, Jaipur- 302017
Phone: +91-7230904025